| 000 | 01915cam a2200553 i 4500 | ||
|---|---|---|---|
| 001 | 28630 | ||
| 003 | KOSZ 005 | ||
| 005 | 20240611122140.0 | ||
| 008 | 240529s1988 pl a g 000 0 pol | ||
| 015 | _aUWD 1988/8852 | ||
| 020 | _a8303023292 | ||
| 035 | _a991003250269705066 | ||
| 035 | _a(PL-WaBN)b10873405-48omnis_nlop | ||
| 035 | _ab10873405 | ||
| 035 | _a(OCoLC)834998005 | ||
| 035 | _a(PL)b0000001087340 | ||
| 035 | _a(EXLNZ-48OMNIS_NETWORK)9910501049105606 | ||
| 040 |
_aWA N _cWA N _dKOSZ 005/EG _dKOSZ 005/RW |
||
| 045 |
_bd1572 _bd1573 |
||
| 046 | _k1988 | ||
| 080 | _a94(438).04 | ||
| 100 | 1 |
_aPłaza, Stanisław _d(1927-2006) _eAutor |
|
| 245 | 1 | 0 |
_aWielkie bezkrólewia / _cStanisław Płaza. |
| 250 | _aWydanie I. | ||
| 260 |
_aKraków : _bKrajowa Agencja Wydawnicza, _c1988. |
||
| 300 |
_a80 stron : _bfaksy, fotografie, portrety, rysunki (w tym kolorowe) ; _c27 cm. |
||
| 336 |
_aTekst _btxt _2rdacontent |
||
| 337 |
_aBez urządzenia pośredniczącego _bn _2rdamedia |
||
| 338 |
_aWolumin _bnc _2rdacarrier |
||
| 380 | _aKsiążki | ||
| 380 | _aPublikacje popularnonaukowe | ||
| 388 | 1 | _a1901-2000 | |
| 388 | 1 | _a1945-1989 | |
| 490 | 1 |
_aDzieje narodu i państwa polskiego ; _vII-22 |
|
| 500 | _aOpis wg okładki. Koniec tekstu na stronie 3 okładki. | ||
| 504 | _aWskazówki bibliograficzne na stronie 80. | ||
| 648 | 7 |
_a1501-1600 _2DBN |
|
| 650 | 7 | _aBezkrólewie | |
| 650 | 7 | _aMonarchia | |
| 651 | 7 |
_aPolska _2DBN |
|
| 655 | 7 | _aWydawnictwa popularne | |
| 658 | _aHistoria | ||
| 658 | _aPolityka, politologia, administracja publiczna | ||
| 710 | 2 |
_aKrajowa Agencja Wydawnicza _4pbl |
|
| 830 | 0 |
_aDzieje Narodu i Państwa Polskiego _vII-22 |
|
| 856 |
_uhttp://koha.tu.koszalin.pl/cgi-bin/koha/opac-detail.pl?biblionumber=28630 _yKatalog online BPK |
||
| 942 |
_2UKD _cKS |
||
| 999 |
_c28630 _d28630 |
||